Statistics for Every City in Texas on a Map

Click here to take the quiz!

General Stats

  • This quiz has been taken 542 times
  • The average score is 82 of 1224

Answers on the Map

Answers color-coded by a green-red scale on the quiz's map according to % correct below.
 

Answer Stats

CityPopulation% Correct
Houston2,302,878
97%
Dallas1,299,544
96%
Austin974,447
93%
San Antonio1,472,909
92%
Fort Worth956,709
91%
El Paso677,456
89%
Corpus Christi316,239
81%
Amarillo201,291
80%
Lubbock263,930
72%
Waco143,984
72%
Galveston53,089
69%
Brownsville189,382
68%
Laredo256,187
67%
Arlington394,602
65%
McAllen144,579
65%
Plano289,547
60%
Texarkana35,778
59%
Midland134,444
57%
Odessa112,906
56%
Abilene127,385
52%
College Station124,319
51%
Dean506
50%
Wichita Falls102,664
50%
Irving254,715
49%
Tyler109,286
47%
Beaumont112,089
46%
Denton150,353
46%
Frisco219,587
44%
Garland240,854
43%
Killeen159,172
42%
Round Rock126,697
42%
McKinney207,507
39%
Paris24,695
39%
Pasadena147,662
39%
San Angelo99,112
38%
Allen111,551
37%
Sugar Land109,414
36%
Mesquite147,899
35%
Texas City55,667
34%
Grand Prairie201,843
32%
New Braunfels104,707
31%
Pearland126,949
31%
San Marcos70,301
31%
West2,575
30%
Eden1,853
28%
Victoria65,372
28%
Carrollton133,820
27%
Edinburg104,294
27%
Port Arthur55,579
27%
Richardson118,802
27%
Eagle Pass28,255
25%
Katy25,253
25%
League City115,418
25%
Uvalde15,430
25%
Lewisville131,215
24%
Temple89,458
24%
Alamo20,305
23%
Longview82,531
23%
Bryan87,792
22%
Grapevine51,226
22%
Sherman45,264
22%
Conroe101,405
20%
Del Rio34,543
20%
Georgetown86,507
20%
Jefferson1,850
20%
South Padre Island2,056
20%
Orange19,081
19%
Fredericksburg11,257
18%
Greenville31,060
18%
Jacksonville14,215
18%
Pecos11,122
18%
Waxahachie45,476
18%
Baytown84,324
17%
Fort Stockton8,189
17%
Harlingen71,678
17%
Marfa1,725
17%
Rhome1,796
17%
Rockwall51,461
17%
Van2,816
17%
Athens13,007
16%
Flower Mound78,486
16%
Mission86,635
16%
Nacogdoches31,990
16%
Richmond12,520
16%
San Juan35,782
16%
Taylor16,975
16%
Huntsville47,351
15%
Mansfield76,724
15%
Missouri City76,500
15%
Pflugerville65,556
15%
DeSoto55,968
14%
Palestine18,981
14%
Richland275
14%
Alpine5,927
13%
Burleson53,381
13%
Canyon15,771
13%
Cedar Park77,642
13%
Crockett6,307
13%
Dalhart8,402
13%
Euless60,169
13%
Franklin1,728
13%
Gainesville17,912
13%
Hamilton2,887
13%
Henderson13,385
13%
Johnson City1,826
13%
Kerrville24,752
13%
Kingsville24,833
13%
Kyle57,470
13%
Mount Pleasant16,015
13%
Pharr80,179
13%
Port Aransas3,277
13%
The Hills2,439
13%
Bastrop11,189
12%
Big Spring25,318
12%
Columbus3,714
12%
Dublin3,435
12%
Duncanville39,413
12%
Lancaster40,449
12%
Liberty8,636
12%
Santa Anna1,034
12%
Seguin33,408
12%
The Colony45,367
12%
Anderson200
11%
Andrews13,276
11%
Anna23,558
11%
Bedford48,724
11%
Boerne20,707
11%
Buffalo1,821
11%
Coppell41,926
11%
Dayton9,375
11%
Decatur7,206
11%
Denison26,328
11%
Highland Park8,719
11%
Llano3,482
11%
Lufkin34,152
11%
North Richland Hills70,663
11%
Portland20,350
11%
San Diego3,655
11%
Santa Fe12,843
11%
Stephenville21,641
11%
Sweetwater10,408
11%
University Park25,032
11%
White Settlement18,046
11%
Wilson445
11%
Alamo Heights7,530
10%
Alba493
10%
Bay City17,505
10%
Beeville13,332
10%
Bowie5,738
10%
Childress5,797
10%
Cleveland8,503
10%
Corsicana25,566
10%
Farmers Branch36,286
10%
Gonzales7,196
10%
Italy2,041
10%
Jasper7,423
10%
Keller45,252
10%
Leander74,375
10%
Madisonville4,564
10%
Marshall23,641
10%
Miami524
10%
Plainview19,599
10%
Prosper37,746
10%
Rockport10,713
10%
Rowlett65,113
10%
Southlake31,102
10%
Tomball13,585
10%
Westlake1,783
10%
Wylie60,943
10%
Addison17,310
9%
Albany1,900
9%
Bellaire16,991
9%
Belton24,327
9%
Borger12,249
9%
Buda16,086
9%
Burnet6,710
9%
Cameron5,418
9%
Canadian2,230
9%
Canton4,561
9%
Clarksville2,833
9%
Clint1,016
9%
Dumas14,166
9%
Friendswood40,833
9%
Goliad1,683
9%
Hidalgo14,437
9%
Humble16,336
9%
Lake Jackson27,668
9%
Lexington1,274
9%
Little Elm55,357
9%
Lockhart14,985
9%
Mart1,846
9%
Midlothian38,635
9%
Pampa16,612
9%
Parker6,073
9%
Post5,237
9%
Rio Grande City15,269
9%
Sonora2,386
9%
Terrell20,050
9%
Weslaco42,231
9%
Alvin28,205
8%
Atlanta5,427
8%
Brazoria2,840
8%
Brenham18,469
8%
Brownwood18,709
8%
Caldwell4,350
8%
Cedar Hill48,341
8%
Colleyville25,850
8%
Comanche4,253
8%
Copperas Cove37,964
8%
Crystal City6,145
8%
Elgin11,359
8%
Ennis22,890
8%
Fayetteville244
8%
Florence1,196
8%
Granbury12,391
8%
Haltom City45,525
8%
Hart862
8%
Hillsboro8,548
8%
Hurst39,634
8%
Junction2,519
8%
Kaufman8,388
8%
Lake Worth4,667
8%
Lampasas7,694
8%
Magnolia3,349
8%
Marble Falls7,423
8%
Mason2,145
8%
Montgomery2,445
8%
Murphy21,175
8%
Newton1,593
8%
Perryton8,139
8%
Plains1,316
8%
Port Lavaca11,262
8%
Red Oak17,396
8%
Refugio2,754
8%
Roma11,520
8%
Santa Rosa2,408
8%
Schertz43,010
8%
Seminole7,141
8%
Smithville4,130
8%
Socorro37,772
8%
Trinity2,417
8%
Vernon9,745
8%
Weatherford36,251
8%
Alice17,697
7%
Alto1,044
7%
Anthony3,791
7%
Aransas Pass8,779
7%
Archer City1,606
7%
Balch Springs26,947
7%
Bellevue295
7%
Benbrook24,437
7%
Bishop3,101
7%
Brady5,005
7%
Breckenridge5,177
7%
Center5,147
7%
Charlotte1,575
7%
Chester271
7%
Cleburne33,826
7%
Colorado City3,939
7%
Commerce9,282
7%
Corinth22,875
7%
Deer Park33,468
7%
Dickinson21,738
7%
Donna16,774
7%
Eastland3,640
7%
Fairview10,851
7%
Freeport10,546
7%
Gatesville16,198
7%
Graham8,750
7%
Gun Barrel City6,506
7%
Helotes9,597
7%
Hereford14,765
7%
Hondo8,636
7%
Hudson5,107
7%
Huntington2,051
7%
Hutchins5,614
7%
Hutto36,655
7%
Jonestown2,573
7%
Joshua8,667
7%
La Grange4,449
7%
La Porte36,569
7%
Levelland12,337
7%
Livingston5,784
7%
Manor19,009
7%
Mercedes16,717
7%
Mineral Wells15,173
7%
Monahans7,324
7%
Morgan462
7%
Port Isabel5,108
7%
Presidio3,170
7%
Princeton22,900
7%
Ranger2,285
7%
Rice1,236
7%
Richland Hills8,407
7%
Riverside551
7%
Roanoke9,943
7%
Rusk5,433
7%
Saginaw25,319
7%
Snyder11,230
7%
South Houston15,860
7%
St. Jo924
7%
Sunnyvale8,392
7%
Texline463
7%
Trent292
7%
Van Horn1,920
7%
Vidor9,678
7%
Adrian129
6%
Alvarado5,910
6%
Angleton19,610
6%
Argyle5,503
6%
Azle13,956
6%
Bandera837
6%
Blanco1,883
6%
Bridgeport6,321
6%
Brownfield8,717
6%
Burkburnett11,102
6%
Cactus3,052
6%
Carrizo Springs4,720
6%
Carthage6,562
6%
Celina34,229
6%
Centerville932
6%
Chandler3,476
6%
China1,273
6%
Coleman3,970
6%
Converse29,603
6%
Cooper1,982
6%
Denver City4,303
6%
Dickens209
6%
Dripping Springs7,057
6%
El Campo12,179
6%
Fairfield2,901
6%
Falfurrias4,461
6%
Hays249
6%
Hebron232
6%
Hempstead6,179
6%
Henrietta3,169
6%
Horizon City23,314
6%
Jarrell3,410
6%
Kemah1,792
6%
Kermit5,869
6%
Kilgore13,476
6%
Lake Dallas7,830
6%
Lakeside1,610 | 346
6%
Lakewood Village706
6%
Lamesa8,425
6%
Leona161
6%
Leon Valley11,429
6%
Liberty Hill9,099
6%
Littlefield5,783
6%
Live Oak15,953
6%
Lucas8,461
6%
Marion1,066
6%
McLean656
6%
Meadow597
6%
Memphis2,029
6%
Menard1,351
6%
Meridian1,415
6%
Mexia6,868
6%
Muleshoe5,054
6%
Nash4,166
6%
Navasota8,417
6%
New Boston4,550
6%
Northlake8,827
6%
Ovilla4,400
6%
Pearsall8,878
6%
Pleasanton11,004
6%
Quanah2,247
6%
Reno3,290 | 3,474
6%
Robinson12,923
6%
Rochester245
6%
Rosenberg40,739
6%
Sachse30,610
6%
San Augustine1,885
6%
San Saba3,127
6%
Santa Clara807
6%
Selma11,721
6%
Shamrock1,713
6%
Sulphur Springs16,408
6%
Trophy Club13,758
6%
Vega865
6%
Waller3,117
6%
Watauga23,050
6%
Wellington1,827
6%
Weston370
6%
Wharton8,736
6%
Wink862
6%
Abernathy2,814
5%
Aledo5,864
5%
Anahuac1,956
5%
Anton889
5%
Aubrey7,966
5%
Aurora1,504
5%
Ballinger3,574
5%
Bee Cave8,853
5%
Benjamin195
5%
Bonham10,746
5%
Brackettville1,331
5%
Castroville3,077
5%
Claude1,197
5%
Cotulla3,634
5%
Covington289
5%
Crosbyton1,461
5%
Cuero8,106
5%
De Kalb1,485
5%
Dilley3,313
5%
Earth898
5%
Edna6,009
5%
Elsa5,664
5%
Everman5,998
5%
Floresville8,050
5%
Floydada2,594
5%
Forney32,108
5%
Freer2,390
5%
Galena Park10,370
5%
George West2,159
5%
Giddings5,129
5%
Glen Rose2,817
5%
Harker Heights34,102
5%
Heath10,733
5%
Hemphill1,031
5%
Hico1,384
5%
Highland Village16,105
5%
Hitchcock7,642
5%
Idalou2,129
5%
Ingleside10,106
5%
Ingleside on the Bay597
5%
Iowa Park6,583
5%
Iraan1,008
5%
Jacksboro4,339
5%
Jersey Village7,602
5%
Jourdanton4,260
5%
Justin5,597
5%
Kemp1,262
5%
Kennedale9,329
5%
Kirby8,087
5%
Lacy-Lakeview7,293
5%
Lago Vista9,692
5%
Lake City471
5%
Lakeway19,429
5%
La Marque19,147
5%
Lindale6,660
5%
Los Fresnos8,215
5%
Luling5,545
5%
Mabank5,301
5%
Matador551
5%
Melissa19,357
5%
Mineola5,017
5%
Morton1,694
5%
Mount Vernon2,541
5%
Mustang0
5%
Naples1,404
5%
Nederland18,189
5%
Newcastle532
5%
Omaha935
5%
Paducah1,001
5%
Panhandle2,361
5%
Petersburg983
5%
Pilot Point4,886
5%
Pittsburg4,416
5%
Prairie View8,420
5%
Progreso4,952
5%
Raymondville10,167
5%
Rio Bravo4,326
5%
Robstown10,177
5%
Royse City19,782
5%
Salado2,403
5%
San Benito24,665
5%
Sanger9,721
5%
Seabrook13,708
5%
Shiner2,173
5%
Silverton624
5%
Sinton5,510
5%
Slaton5,746
5%
Spearman3,083
5%
Sterling City1,151
5%
St. Paul995
5%
Taft2,869
5%
Tahoka2,413
5%
Texhoma257
5%
Thornton421
5%
Trenton796
5%
Troy2,727
5%
Tulia4,389
5%
Turkey324
5%
Universal City19,990
5%
Venus6,752
5%
Webster12,177
5%
Wells880
5%
West Orange3,414
5%
West University Place14,792
5%
Wheeler1,445
5%
Willis6,939
5%
Wilmer5,833
5%
Wimberley2,890
5%
Windcrest5,799
5%
Wolfforth6,589
5%
Woodville2,415
5%
Yoakum5,891
5%
Zavalla606
5%
Agua Dulce678
4%
Alton19,673
4%
Ames1,064
4%
Amherst652
4%
Anson2,301
4%
Avery428
4%
Balcones Heights2,711
4%
Bayside273
4%
Bayview521
4%
Bellmead10,580
4%
Big Lake2,748
4%
Blue Mound2,331
4%
Booker1,339
4%
Bovina1,652
4%
Bulverde6,494
4%
Burton280
4%
Campbell571
4%
Cibolo34,814
4%
Cisco3,957
4%
Clarendon1,948
4%
Cockrell Hill3,686
4%
Combes3,166
4%
Crane3,352
4%
Crowley19,478
4%
Cut and Shoot1,185
4%
Dawson824
4%
Dell City269
4%
Devine4,501
4%
Dimmitt4,118
4%
DISH445
4%
Eldorado1,519
4%
Elmendorf2,264
4%
Escobares2,572
4%
Farmersville4,015
4%
Farwell1,387
4%
Fate22,811
4%
Ferris2,893
4%
Forest Hill13,701
4%
Friona4,053
4%
Fritch1,815
4%
Fulton1,555
4%
Glenn Heights18,299
4%
Gregory1,731
4%
Happy603
4%
Hardin828
4%
Haskell3,075
4%
Haslet3,404
4%
Hewitt16,431
4%
Holliday1,605
4%
Jacinto City9,318
4%
Jamaica Beach1,066
4%
Jolly173
4%
Josephine6,944
4%
Karnes City3,112
4%
Keene6,728
4%
Kenedy3,432
4%
Kress590
4%
La Feria6,805
4%
Laguna Vista3,679
4%
La Joya4,660
4%
Lakeview60
4%
Leakey327
4%
Lorenzo939
4%
Los Ybanez21
4%
Lumberton14,045
4%
Lyford2,239
4%
Lytle3,052
4%
Marlin5,474
4%
Mathis4,282
4%
Milano417
4%
Milford739
4%
Navarro239
4%
Nazareth307
4%
Newark1,196
4%
New London976
4%
Nixon2,378
4%
Palmer2,485
4%
Palmview15,863
4%
Pantego2,500
4%
Penitas6,340
4%
Point777
4%
Port Neches13,614
4%
Primera5,290
4%
Quitaque343
4%
Quitman1,983
4%
Ralls1,604
4%
Rockdale5,529
4%
Rocksprings866
4%
Round Top91
4%
San Patricio413
4%
Scotland419
4%
Seagoville19,491
4%
Seagraves2,200
4%
Sealy6,956
4%
Seymour2,580
4%
Silsbee6,864
4%
Spring Branch233
4%
Springlake138
4%
Stafford17,427
4%
Stamford2,921
4%
Stanton2,658
4%
Stratford1,965
4%
Sullivan City3,903
4%
Three Rivers1,545
4%
Throckmorton778
4%
Valentine69
4%
Vinton2,780
4%
West Columbia3,597
4%
Whiteface364
4%
Whitehouse9,154
4%
Whitesboro4,291
4%
Yorktown1,789
4%
Ackerly257
3%
Alma401
3%
Arcola2,236
3%
Aspermont742
3%
Bailey231
3%
Baird1,510
3%
Balmorhea384
3%
Barstow252
3%
Bells1,557
3%
Bellville4,209
3%
Big Sandy1,286
3%
Bishop Hills204
3%
Blossom1,422
3%
Blue Ridge1,199
3%
Bogata1,087
3%
Bridge City9,574
3%
Brookshire5,533
3%
Buffalo Springs453
3%
Bunker Hill Village3,776
3%
Caddo Mills3,502
3%
Camp Wood530
3%
Castle Hills3,932
3%
Channing269
3%
Chico1,031
3%
Chillicothe546
3%
China Grove1,134
3%
Clifton3,513
3%
Clyde3,945
3%
Coldspring854
3%
Collinsville2,012
3%
Cool224
3%
Copper Canyon2,015
3%
Cottonwood226
3%
Crandall4,641
3%
Crawford913
3%
Cross Roads1,955
3%
Daingerfield2,518
3%
Dalworthington Gardens2,271
3%
Detroit702
3%
Dodson92
3%
Double Oak3,077
3%
Douglassville211
3%
Driscoll665
3%
Eagle Lake3,453
3%
Easton505
3%
Edcouch2,693
3%
Edgecliff Village3,746
3%
Edmonson88
3%
El Cenizo2,451
3%
Electra2,291
3%
El Lago2,975
3%
Encinal524
3%
Estelline121
3%
Fair Oaks Ranch11,104
3%
Flatonia1,353
3%
Follett349
3%
Fulshear34,264
3%
Ganado1,994
3%
Garrison819
3%
Gilmer5,029
3%
Gladewater6,230
3%
Goldsmith225
3%
Goldthwaite1,742
3%
Gordon480
3%
Grandfalls323
3%
Grandview1,904
3%
Grey Forest493
3%
Groesbeck3,622
3%
Groom548
3%
Gunter2,400
3%
Hackberry2,964
3%
Hale Center2,016
3%
Hallettsville2,733
3%
Hallsville4,644
3%
Hearne4,538
3%
Hedley274
3%
Hedwig Village2,321
3%
Hickory Creek5,406
3%
Higgins338
3%
Holland1,108
3%
Hollywood Park3,094
3%
Hooks2,494
3%
Howe3,702
3%
Hubbard1,420
3%
Hunters Creek Village4,334
3%
Ingram1,836
3%
Iowa Colony13,031
3%
Itasca1,767
3%
Jayton498
3%
Kingsbury134
3%
Krum6,062
3%
LaCoste1,169
3%
Lake Tanglewood719
3%
La Villa3,004
3%
Lavon6,517
3%
Lefors419
3%
Linden1,814
3%
Liverpool510
3%
Lone Oak742
3%
Lone Star1,401
3%
Los Indios1,011
3%
Malakoff2,243
3%
Manvel14,803
3%
Marietta110
3%
Maud973
3%
Maypearl942
3%
McGregor5,763
3%
McLendon-Chisholm4,431
3%
Meadows Place4,649
3%
Midway185
3%
Mobeetie84
3%
Mobile City154
3%
Mont Belvieu8,946
3%
Morgan's Point268
3%
Morgan's Point Resort4,772
3%
Muenster1,627
3%
Nassau Bay5,164
3%
Natalia1,307
3%
Needville3,091
3%
Nevada1,324
3%
New Berlin699
3%
New Deal735
3%
New Home339
3%
New Hope674
3%
Nocona3,138
3%
Oak Ridge1,109 | 260
3%
Oakwood397
3%
Odem2,250
3%
O'Donnell720
3%
Olmos Park2,165
3%
Olney3,003
3%
Olton1,935
3%
Opdyke West220
3%
Orange Grove1,185
3%
Overton2,296
3%
Palacios4,357
3%
Palisades281
3%
Palmhurst2,590
3%
Paradise597
3%
Petronila84
3%
Pinehurst2,206
3%
Piney Point Village3,075
3%
Ponder2,588
3%
Poteet2,948
3%
Poth1,912
3%
Pottsboro2,756
3%
Premont2,429
3%
Pyote70
3%
Quinlan1,478
3%
Rancho Viejo2,852
3%
Rankin744
3%
Ransom Canyon1,167
3%
Rio Hondo2,176
3%
River Oaks7,440
3%
Roaring Springs209
3%
Robert Lee1,042
3%
Roby582
3%
Rogers1,109
3%
Ropesville439
3%
Roscoe1,238
3%
Ross200
3%
Rotan1,313
3%
Runge928
3%
Sabinal1,379
3%
Sandy Oaks5,354
3%
San Elizario10,138
3%
Sanford132
3%
San Perlita542
3%
Sansom Park5,359
3%
Scottsville334
3%
Shallowater2,938
3%
Shavano Park3,626
3%
Shenandoah3,665
3%
Smyer441
3%
Snook527
3%
Somerset1,800
3%
Southside Place1,845
3%
Spofford44
3%
Spring Valley Village4,260
3%
Spur839
3%
St. Hedwig2,303
3%
Stinnett1,624
3%
Sudan928
3%
Sundown1,277
3%
Sunray1,697
3%
Sweeny3,556
3%
Teague3,455
3%
Terrell Hills5,048
3%
Tiki Island1,101
3%
Todd Mission126
3%
Tool2,243
3%
Toyah60
3%
Trinidad856
3%
Tye1,197
3%
Uncertain83
3%
Valley View777
3%
Von Ormy1,195
3%
Wellman225
3%
Westbrook201
3%
West Lake Hills3,252
3%
White Deer907
3%
Wills Point3,933
3%
Woodsboro1,271
3%
Abbott359
2%
Alvord1,486
2%
Annetta3,274
2%
Annona184
2%
Appleby551
2%
Arp954
2%
Asherton699
2%
Austwell115
2%
Avinger369
2%
Bangs1,535
2%
Bardwell650
2%
Barry230
2%
Bartlett1,613
2%
Bartonville1,793
2%
Bayou Vista1,756
2%
Beach City3,230
2%
Bear Creek434
2%
Beasley644
2%
Beckville737
2%
Bedias380
2%
Benavides1,160
2%
Bertram2,016
2%
Beverly Hills1,871
2%
Bevil Oaks1,045
2%
Big Wells472
2%
Blackwell256
2%
Bloomburg326
2%
Blum397
2%
Bonney189
2%
Boyd1,543
2%
Brazos Country518
2%
Bremond872
2%
Briarcliff2,231
2%
Broaddus184
2%
Brookside Village1,573
2%
Browndell153
2%
Brownsboro1,270
2%
Bruceville-Eddy1,450
2%
Buffalo Gap589
2%
Bullard4,232
2%
Burke697
2%
Callisburg326
2%
Calvert965
2%
Carbon285
2%
Carl's Corner212
2%
Carmine243
2%
Cashion Community289
2%
Celeste843
2%
Chireno373
2%
Christine347
2%
Clear Lake Shores1,266
2%
Clute10,634
2%
Coahoma905
2%
Coffee City249
2%
Colmesneil552
2%
Combine2,475
2%
Corrigan1,478
2%
Coupland292
2%
Cove612
2%
Creedmoor434
2%
Crowell736
2%
Cumby699
2%
Cuney114
2%
Cushing569
2%
Danbury1,662
2%
Darrouzett292
2%
Dayton Lakes52
2%
De Leon2,309
2%
Deport547
2%
Diboll4,560
2%
Domino75
2%
Draper36
2%
Early3,200
2%
East Bernard2,243
2%
East Mountain935
2%
East Tawakoni883
2%
Edgewood1,689
2%
Elkhart1,256
2%
Ellinger290
2%
Emory1,344
2%
Eureka333
2%
Eustace1,150
2%
Evant456
2%
Falls City513
2%
Forsan213
2%
Frankston1,103
2%
Gallatin334
2%
Garden Ridge4,334
2%
Garrett848
2%
Gary City338
2%
Goodrich269
2%
Goree158
2%
Gorman982
2%
Grand Saline3,219
2%
Granger1,185
2%
Granite Shoals5,324
2%
Granjeno288
2%
Grapeland1,475
2%
Groves16,798
2%
Groveton922
2%
Gruver1,101
2%
Hamlin1,847
2%
Hawkins1,351
2%
Hawley565
2%
Hideaway3,296
2%
Highland Haven418
2%
Hill Country Village946
2%
Hilshire Village808
2%
Honey Grove1,760
2%
Horseshoe Bay4,756
2%
Howardwick374
2%
Hudson Oaks2,572
2%
Huxley362
2%
Impact21
2%
Indian Lake860
2%
Industry277
2%
Iola330
2%
Jewett808
2%
Joaquin730
2%
Kendleton348
2%
Kennard277
2%
Kerens1,474
2%
Kirbyville2,015
2%
Knox City1,036
2%
Kountze2,155
2%
Krugerville1,970
2%
Kurten399
2%
La Grulla1,207
2%
Lakeport987
2%
Latexo240
2%
La Vernia1,233
2%
La Ward192
2%
Lawn311
2%
Leary446
2%
Leonard2,055
2%
Little River-Academy1,996
2%
Lockney1,453
2%
Lometa791
2%
Loraine500
2%
Lorena1,780
2%
Lott651
2%
Lovelady579
2%
Lowry Crossing1,699
2%
Marquez189
2%
Martindale1,225
2%
McCamey1,741
2%
Megargel176
2%
Merkel2,430
2%
Mertzon757
2%
Miller's Cove74
2%
Moran231
2%
Moulton856
2%
Mountain City687
2%
Mount Enterprise507
2%
Munday1,213
2%
Mustang Ridge962
2%
New Waverly956
2%
Neylandville68
2%
Nolanville6,745
2%
Nome471
2%
Nordheim334
2%
Normangee522
2%
North Cleveland255
2%
Novice124
2%
Oak Leaf1,651
2%
Oak Point6,009
2%
O'Brien88
2%
Onalaska3,205
2%
Orchard317
2%
Ore City1,155
2%
Oyster Creek1,199
2%
Paint Rock246
2%
Palm Valley1,376
2%
Panorama Village2,528
2%
Pattison612
2%
Pecan Gap181
2%
Pelican Bay2,421
2%
Petrolia528
2%
Pineland898
2%
Pleak1,082
2%
Pleasant Valley359
2%
Poetry1,502
2%
Point Comfort570
2%
Powell103
2%
Progreso Lakes262
2%
Providence Village8,440
2%
Putnam67
2%
Quintana23
2%
Rangerville255
2%
Red Lick931
2%
Redwater847
2%
Reklaw339
2%
Richwood4,760
2%
Riesel1,058
2%
Rio Vista1,168
2%
Rocky Mound83
2%
Rollingwood1,428
2%
Roman Forest2,100
2%
Rose City336
2%
Rose Hill Acres331
2%
Rosser348
2%
Round Mountain111
2%
Rule557
2%
Runaway Bay1,815
2%
Sadler343
2%
Sandy Point217
2%
San Felipe713
2%
San Leanna515
2%
Schulenburg2,718
2%
Scurry782
2%
Seadrift997
2%
Seven Oaks72
2%
Shady Shores2,940
2%
Shepherd1,985
2%
Shoreacres1,524
2%
Simonton656
2%
Skellytown397
2%
Smiley483
2%
Somerville1,364
2%
South Frydek216
2%
Splendora1,867
2%
Springtown3,807
2%
Stagecoach595
2%
Staples189
2%
Stockdale1,467
2%
Sunset Valley643
2%
Surfside Beach668
2%
Talco488
2%
Talty2,886
2%
Tatum1,364
2%
Taylor Lake Village3,696
2%
Taylor Landing281
2%
Tenaha1,001
2%
Thompsons173
2%
Thorndale1,344
2%
Thorntonville535
2%
Thrall861
2%
Timbercreek Canyon458
2%
Timpson996
2%
Tioga1,236
2%
Tolar1,092
2%
Troup2,079
2%
Uhland1,751
2%
Union Grove461
2%
Van Alstyne6,139
2%
Volente523
2%
Wake Village5,841
2%
Wallis1,341
2%
Warren City322
2%
Waskom1,933
2%
Webberville440
2%
Weimar2,092
2%
Weinert172
2%
Weston Lakes4,192
2%
Westover Hills640
2%
West Tawakoni1,971
2%
Westworth Village2,635
2%
White Oak6,227
2%
Whitewright1,814
2%
Whitney2,063
2%
Wickett403
2%
Willow Park5,650
2%
Windthorst349
2%
Winfield418
2%
Winnsboro3,562
2%
Winona663
2%
Winters2,330
2%
Wixon Valley229
2%
Woodloch182
2%
Woodson236
2%
Woodway9,585
2%
Yantis421
2%
Angus458
1%
Annetta North593
1%
Annetta South666
1%
Aquilla108
1%
Bailey's Prairie785
1%
Berryville883
1%
Blanket367
1%
Blooming Grove872
1%
Briaroaks502
1%
Bronte948
1%
Bryson454
1%
Buckholts383
1%
Byers462
1%
Bynum173
1%
Caney City188
1%
Clarksville City778
1%
Como737
1%
Coolidge786
1%
Cottonwood Shores1,557
1%
Coyote Flats285
1%
Cranfills Gap282
1%
Cresson1,901
1%
Cross Timber454
1%
Daisetta1,039
1%
DeCordova3,159
1%
Devers412
1%
Dodd City387
1%
Dorchester62
1%
Double Horn275
1%
Ector770
1%
Edom356
1%
Emhouse198
1%
Enchanted Oaks354
1%
Fairchilds960
1%
Frost636
1%
Fruitvale500
1%
Gholson1,239
1%
Godley2,674
1%
Golinda657
1%
Goodlow176
1%
Graford706
1%
Gustine407
1%
Hallsburg483
1%
Hawk Cove470
1%
Hillcrest691
1%
Holiday Lakes1,034
1%
Hughes Springs1,549
1%
Iredell311
1%
Ivanhoe1,377
1%
Jones Creek1,956
1%
Kempner1,235
1%
Kenefick705
1%
Kirvin108
1%
Knollwood790
1%
Kosse461
1%
Ladonia616
1%
Lake Bridgeport361
1%
Lakeside City1,217
1%
Leroy361
1%
Lindsay1,099
1%
Lipan527
1%
Log Cabin771
1%
Lueders257
1%
Malone243
1%
Meadowlakes1,901
1%
Melvin123
1%
Mertens150
1%
Miles908
1%
Millsap404
1%
Mingus230
1%
Moody1,601
1%
Moore Station161
1%
Mount Calm301
1%
Mullin129
1%
Murchison523
1%
New Chapel Hill639
1%
New Fairview1,515
1%
New Summerfield871
1%
Niederwald673
1%
Noonday623
1%
Oak Grove710
1%
Oak Ridge North2,995
1%
Oglesby440
1%
Old River-Winfree1,312
1%
Patton Village1,806
1%
Payne Springs750
1%
Pecan Hill734
1%
Penelope185
1%
Pine Forest502
1%
Pine Island1,161
1%
Plantersville483
1%
Plum Grove1,422
1%
Point Blank673
1%
Point Venture1,252
1%
Poynor289
1%
Queen City1,394
1%
Ravenna184
1%
Retreat434
1%
Richland Springs247
1%
Rising Star765
1%
Rosebud1,318
1%
Roxton549
1%
Sanctuary360
1%
Savoy735
1%
Seven Points1,432
1%
Sour Lake1,821
1%
Southmayd1,063
1%
South Mountain410
1%
Star Harbor509
1%
Stockton Bend400
1%
Strawn554
1%
Streetman259
1%
Sunrise Beach Village781
1%
Sun Valley73
1%
Tehuacana229
1%
Tira331
1%
Toco92
1%
Tom Bean964
1%
Tuscola838
1%
Union Valley441
1%
Valley Mills1,282
1%
Waelder948
1%
Walnut Springs842
1%
Weir720
1%
Windom195
1%
Wolfe City1,421
1%
Woodbranch1,476
1%
Woodcreek1,852
1%
Wortham1,007
1%
Cross Plains926
0%
Grays Prairie369
0%
Mildred425
0%
Oak Valley415
0%
Post Oak Bend City835
0%
Road Runner806
0%

Score Distribution

Percentile by Number Answered

Percent of People with Each Score

Your Score History

You have not taken this quiz